000 00294nam a2200121Ia 4500
008 191201s2016 xx 000 0 und d
100 _aDUDA, Richard O
245 0 _aPattern Classification
260 _aN. Delhi
_bWiley India
_c2016
300 _a654
650 _aM.Tech (ECE)
942 _2ddc
_cBK
999 _c6692
_d6692